00517nam a2200193 a 4500001001300000003000900013005001700022008004100039020002500080082001400105100001700119245006000136260004300196300000900239500003500248505001000283650001300293700001700306nice12345678IN_TiNIC20260116013037.0050524s1982 lona grp 000 0 eng  a0004840 c148.200a200bBRO1 aBrown, David aAll Their Splendourb World Faiths the Way to Community aLondon bCollins Religious Pub. c1982 a223p aincludes index and biblioraphy2 aIndex aReligion1 aBrown, David